Využitie neparametrických metód analýzy prežitia na analýzu vplyvu pohlavia na dĺžku nezamestnanosti

Demonštrovanie použitia rozboru prežitia a rozboru vplyvu pohlavia na trvanie nezamestnanosti, t. j. času od straty zamestnania a zamestnania sa znovu.

Salvato in:
Dettagli Bibliografici
Autore principale: Teplanová, Patrícia, 1998-
Natura: Capitolo di libro
Lingua:slovacco
Soggetti:
Tags: Aggiungi Tag
Nessun Tag, puoi essere il primo ad aggiungerne!!

MARC

LEADER 00000naa a2200000 4500
001 0296021
005 20240502074508.2
041 0 |a slo 
044 |a SK 
245 1 0 |a Využitie neparametrických metód analýzy prežitia na analýzu vplyvu pohlavia na dĺžku nezamestnanosti  |c Patrícia Teplanová 
520 |a Demonštrovanie použitia rozboru prežitia a rozboru vplyvu pohlavia na trvanie nezamestnanosti, t. j. času od straty zamestnania a zamestnania sa znovu. 
610 2 0 |a analýzy 
610 2 0 |a testy 
610 2 0 |a odhady 
610 2 0 |a nezamestnanosť 
610 2 0 |a zamestnanie 
610 2 0 |a ekonómia 
610 2 0 |a muži 
610 2 0 |a ženy 
610 2 0 |a problémy globálne 
610 2 0 |a problémy spoločenské 
100 1 |a Teplanová, Patrícia, 1998-